00689nas a2200217Ia 4500001001100000003000900011008004100020040001300061040001300074041001300087100004400100210002300144222002300167245007900190250001100269260002100280501008600301300001500387362003300402650003600435R026/43483IT-RoPAU151124c99999999xx |||||||||||| ||und|| aIT-RoPAU cIT-RoPAU aITALIANO aPomilio MariogCodice Aut. SPICS: 961 aNOSTRO CINEMA (IL) aNostro Cinema (Il) aNOSTRO CINEMA (IL), ANNO 12-N.133 (MARZO 1974)bVangeli Come Narrativa (I) a1a ed. aROMAbACECc1974 bPaulus - SPICS - Società San Paolo EM (non-commercial uses only)cCopyright2015 a1 p. [8-8] aANNO 012, N.133 (MARZO 1974) aCINEMAvPUBBLICAZIONE PERIODICA